000 00768nam a2200241Ia 4500
003 OSt
005 20220923215715.0
006 a|||||r|||| 00| 0
007 ta
008 220922b |||||||| |||| 00| 0 hin d
024 _a181,057
037 _cTextual
040 _aARTS
_cARTS
_bhin
041 _2hin
_ahin
082 _aO152,1N281x, M0 (EPH)
100 _aश्रीवास्तव, शिवकुमार
245 0 _aतुम ऋचा हो
246 _aTum ṛuchā ho
260 _aनई दिल्ली
_b नेशनल पब्लि
_c1980
300 _a111 पृ.
_ccm.
942 _hO152,1N281x, M0 (EPH)
_cTEXL
_2CC
999 _c334435
_d334435